[Event "Tata Steel-B 73rd"]
[Site "Wijk aan Zee"]
[Date "2011.01.21"]
[Round "6"]
[White "Tkachiev, Vladislav"]
[Black "Sargissian, Gabriel"]
[Result "1/2-1/2"]
[WhiteElo "2636"]
[BlackElo "2667"]
[Annotator "Krasenkow,M"]
[PlyCount "90"]
[EventDate "2011.01.14"]
[EventType "tourn"]
[EventRounds "13"]
[EventCountry "NED"]
[EventCategory "17"]
[SourceTitle "CBM 141"]
[Source "ChessBase"]
[SourceDate "2011.03.17"]
[SourceVersion "1"]
[SourceVersionDate "2011.03.17"]
[SourceQuality "1"]

1. d4 Nf6 2. c4 e6 3. Nc3 Bb4 4. e3 O-O 5. Bd3 d5 6. Nge2 c5 7. cxd5 cxd4 8.
exd4 Nxd5 9. O-O Nc6 10. Nxd5 exd5 {This symmetrical position (with the
so-called fixed centre) is nearly equal but still full of strategic niceties.}
11. Nf4 {Or else:} (11. h3 Qf6 12. Nf4 Rd8 13. Be3 Bf5 14. Nh5 Qe6 15. Nf4 Qd7
16. Bb5 Rac8 17. Rc1 Bd6 18. Re1 a6 19. Ba4 b5 20. Bb3 Na5 $11 {1/2 Hoffmann,M
(2510)-Tomashevsky,E (2701)/Plovdiv 2010/CBM 139 (52)}) (11. Nc3 Be6 12. Be3
Qh4 13. Rc1 Rfe8 14. a3 Bf8 15. Bb1 Rad8 16. Re1 Na5 17. g3 Qh3 18. Ne2 Qh5 19.
Bd3 Nc4 $11 {1/2 Andersen,L (2035)-Hnatovsky,N (2288)/IECG 2003/Telechess CBM
105 (28)}) (11. Be3 Bd6 12. Bf4 (12. Nc3 Be6 13. g3 Be7 14. Bc2 Rc8 15. f4 f5
16. Qf3 Na5 17. Rae1 Nc4 18. Bc1 Rc6 19. Ba4 Rb6 20. Bb3 Bf6 21. Qd3 Bf7 22.
Na4 {1/2 Ioseliani,N (2520)-Chiburdanidze,M (2525)/Groningen 1997/CBM 062 ext})
(12. Rc1 $5) 12... Be7 $5 (12... Re8 $11) 13. Qb3 Bf6 14. Rad1 Re8 15. h3 Re7
16. Rfe1 Be6 17. Be3 Rc8 18. Nf4 g6 19. Nxe6 fxe6 20. Bb1 Qb6 $11 {1/2 Lutsko,
I (2520)-Alekseev,E (2604)/St Petersburg 2004/EXT 2005 (38)}) (11. a3 $5 Bd6 (
11... Be7 12. Be3 Bf6 13. Qb3 g6 14. Rac1 Re8 15. Rc5 Qe7 16. Qc3 Bg5 17. Nf4
Bxf4 18. Bxf4 Qf6 19. Be3 Rd8 20. Qc1 $14 {0-1 Bratanov,Z (2400)-Iordachescu,V
(2594)/Castellaneta 2000/EXT 2005 (54)}) 12. Bf4 $5 {The exchange of
dark-squared bishops is obviously favourable for White!} (12. Nf4 g6 (12... Qf6
13. Nxd5 Qxd4 14. Be3 Qh4 15. g3 Qh3 16. Be4 Rd8 17. Bg5 Re8 18. Bg2 Qf5 19.
Bf4 Bxf4 20. Nxf4 Qb5 21. Nd5 $14 {0-1 Edzgveradze,N (2295)-Savon,V (2427)/
Alushta 1999/EXT 2000 (42)}) 13. Re1 Nxd4 14. Bxg6 Ne6 15. Nxe6 fxe6 16. Bxh7+
Kxh7 17. Qh5+ Kg8 18. Qg6+ Kh8 19. Qh6+ Kg8 20. Qg6+ Kh8 21. Qh5+ Kg8 22. Qg4+
Kf7 23. Qh5+ Kg8 24. Qg6+ Kh8 {1/2 Serper,G (2522)-Ehlvest,J (2614)/ICC INT
2009/CBM 132 Extra}) 12... Bxf4 (12... Re8 $5) 13. Nxf4 Qg5 14. Qd2 Bf5 15. Bb5
$1 Rac8 16. Rad1 Rfd8 17. Rfe1 Be4 18. Bxc6 Rxc6 19. Qe3 Rf6 20. g3 h6 21. f3
$14 {1-0 Ivanov,J (2428)-Anka,E (2394)/France 2009/EXT 2010 (44)}) 11... Bd6 (
11... Ne7 $6 12. Qf3 Qd7 13. h3 Rd8 14. a3 Bd6 15. Re1 Bxf4 16. Bxf4 Ng6 17.
Bg3 Qa4 18. Bc7 Rf8 19. Qxd5 $18 {1-0 Chiburdanidze,M (2515)-Voiska,M (2340)/
Vrnjacka Banja 1996/EXT 1998 (30)}) (11... Be7 12. Be3 (12. Qh5 g6 13. Nxg6
fxg6 {1/2 Pliester,L (2389)-Bitalzadeh,A (2291)/Amsterdam 2004/CBM 101 ext})
12... Bf6 13. Rc1 g6 14. Rc5 Be6 (14... Nb4 15. Bb1 b6 16. Rc3 Bb7 17. a3 Nc6
18. Ba2 Ne7 19. Qf3 Nf5 20. Rd1 $14 {1-0 Georgiev,V (2508)-Sulskis,S (2568)/
Cappelle la Grande 1999/EXT 2000 (49)}) 15. Nxe6 (15. Re1 Qd6 16. Nxe6 fxe6 17.
Qg4 Bg7 18. Rec1 Rad8 19. h4 Nxd4 20. h5 $44 {1-0 Khurtsidze,N (2419)-Kovanova,
B (2303)/Fuegen 2006/CBM 114 ext (42)}) 15... fxe6 16. Qg4 Qd6 (16... Qd7 17.
Rfc1 Rfe8 18. h4 Qg7 19. Bb5 h5 20. Qh3 Bxd4 21. Bxd4 Qxd4 22. Bxc6 bxc6 23.
Rxc6 Qxb2 24. Re1 $16 {1/2 Ivanov,J (2347)-Van der Wiel,J (2508)/Amsterdam
2005/CBM 107 ext (53)}) 17. Rfc1 Ne7 18. Bf4 Qb6 19. Be5 Bxe5 20. dxe5 Rf7 21.
R1c2 $14 {1-0 Ivanov,J (2429)-Trajkovic,P (2344)/Sautron 2002/EXT 2003 (43)}) (
11... g6 12. a3 Be7 (12... Bd6 $142 $5) 13. Be3 Bf6 14. Rc1 Qd6 15. Bb1 b6 16.
Re1 Ba6 {1-0 Milov,V (2676)-Simutowe,A (2419)/Oak Brook 2007/CBM 118 ext (33)}
17. Ba2 $14) (11... Qd6 12. Be3 Ne7 13. Qf3 Bd7 14. Rac1 Rac8 15. h4 a6 16. h5
Rxc1 17. Rxc1 Rc8 18. Rxc8+ Bxc8 19. Bc2 $14 {1-0 Hellsten,J (2557)-Plachetka,
J (2435)/Aghia Pelagia 2004/CBM 101 ext (32)}) (11... Ba5 12. Qh5 g6 13. Qh6
Bb6 (13... Nxd4 14. Nh5 Ne6 15. Bf5 $1) 14. Be3 Bxd4 15. Bxd4 Nxd4 {0-1
Dambacher,M (2407)-Marciano,D (2512)/Germany 2004/EXT 2006 (32)} 16. Nh5 $1 Ne6
17. Rfe1 $44) (11... Be6 12. Nxe6 fxe6 13. Qh5 g6 14. Qg4 Qf6 15. Be3 Kh8 16.
Rad1 Ba5 17. Bb1 Bb6 18. Bg5 Qf7 19. Bh6 Rfe8 $13 {1/2 Zhigalko,S (2671)
-Alekseev,E (2701)/Moscow RUS 2011/The Week in Chess 847 (27)}) 12. Re1 {
The other moves are too "modest":} (12. g3 Re8 $11 (12... Bxf4 $143 13. Bxf4
Nxd4 14. Bxh7+ Kxh7 15. Qxd4 Re8 16. Rfe1 Rxe1+ 17. Rxe1 Be6 18. h4 $14 {
1-0 Georgiev,V (2523)-Chernuschevich,A (2513)/France 2009/EXT 2010 (27)})) (12.
Be3 Bxf4 $5 (12... Be6 13. Qh5 g6 14. Nxe6 fxe6 15. Bxg6 hxg6 16. Qxg6+ Kh8 17.
Qh6+ Kg8 18. Qg6+ {1/2 Ftacnik,L (2540)-Macieja,B (2613)/Warsaw 2005/CBM 108})
(12... g6 13. Rc1 (13. Qf3 Be6 14. Nxe6 fxe6 15. Qg4 Qf6 16. Rad1 Rae8 17. h4
e5 $11 {1-0 Vladimirov,E (2621)-Gelashvili,T (2542)/Dubai 2004/CBM 101 (27)})
13... Ne7 14. Qf3 Be6 $5 15. Rc3 Qd7 $11 16. Nh5 $2 gxh5 17. Qf6 Qd8 $1 $19 {
0-1 Georgiev,V (2519)-Psakhis,L (2581)/Batumi 1999/CBM 074/[Psakhis] (31)}) 13.
Bxf4 Qf6 14. Be3 Bf5 15. Rc1 Bxd3 16. Qxd3 Rfe8 (16... Rac8 17. a3 h6 {1/2
Kharitonov,A (2531)-Sulypa,A (2476)/Kavala 2008/CBM 125 Extra}) 17. Rfd1 Re7
18. a3 Rae8 $11 {1-0 Milov,V (2652)-Anand,V (2788)/Bastia 2005/EXT 2006 (46)})
12... Qh4 {Other moves seen in practice (most of them are quite enough for
equality):} (12... Ne7 $6 13. Qf3 Ng6 14. Nxg6 hxg6 15. Bf4 Bxf4 16. Qxf4 Re8
17. Rxe8+ Qxe8 18. Qc7 $14 {1/2 Bareev,E (2310)-Eingorn,V (2530)/Kharkov 1985/
MCL (43)}) (12... Qf6 $6 13. Nxd5 Qxd4 14. Be3 Qh4 15. g3 Qd8 16. Qc2 h6 17.
Rad1 Bg4 18. Be2 Bxe2 19. Rxe2 Re8 20. Qb3 $16 {1-0 Chiburdanidze,M (2525)
-Hansen,S (2495)/Lippstadt 1997/CBM 059 ext (45)}) (12... Re8 13. Rxe8+ Qxe8
14. Be3 Bxf4 15. Bxf4 Nxd4 16. Bxh7+ Kxh7 17. Qxd4 Qe4 18. Qd2 Be6 19. Re1 Qf5
20. Be5 Rc8 21. Bc3 {1/2 Dambacher,M (2388)-Van der Wiel,J (2508)/Amsterdam
2005/CBM 107 ext}) (12... Nb4 13. Bb1 Qf6 14. Nxd5 (14. a3 Bxf4 15. Bxf4 Qxf4
16. axb4 Bg4 17. f3 Bd7 18. Ba2 Rfe8 19. Rxe8+ Bxe8 20. Qd3 Rc8 {1/2 Georgiev,
V (2501)-Marin,M (2556)/Bled 2002/EXT 2003}) 14... Nxd5 15. Qh5 Bxh2+ 16. Kxh2
Qd6+ 17. Kg1 h6 18. Qe5 Qd8 19. Qg3 Kh8 20. Bf4 Bd7 21. Be5 Qg5 $11 {1/2
Mchedlishvili,M (2540)-Aleksandrov,A (2654)/Batumi 2002/CBM 090 (47)}) (12...
h6 13. Bb1 Ne7 14. Bd2 Qb6 15. Qc2 g6 16. Qc3 Rd8 17. h3 Bd7 18. Rxe7 Bxe7 19.
Nxd5 Qd6 20. Nxe7+ Qxe7 21. Bxh6 Qf6 22. Be3 Bf5 $11 {1/2 Hase,M (2520)
-Goncharov,I (2412)/RCCA Email 2003/ICCF CBM 120 (29)}) (12... g6 13. Bc2 (13.
Nxd5 Be6 14. Nf4 Bxf4 15. Bxf4 Qxd4 16. Bg5 Qxb2 17. Rb1 Qd4 18. Rxb7 Nb4 $11 {
1/2 Wiacek,K (2528)-Taylor,W (2527)/ICCF WS 2006/ICCF CBM 136 (32)}) 13... Be6
(13... Nb4 14. Bb3 $5 Bf5 15. Bd2 Be4 16. f3 Bf5 17. Bxb4 Bxb4 18. Re2 Bd6 19.
Nxd5 Be6 20. Ne3 Bxb3 21. Qxb3 Re8 22. Qd3 $14 {1/2 Moreno Ruiz,J (2463)-San
Segundo Carrillo,P (2516)/Collado Villalba 2004/EXT 2006 (37)}) 14. Nxe6 (14.
Bb3 $5) 14... fxe6 15. Qg4 Qf6 16. Be3 Rae8 17. Rad1 a6 18. f3 Bf4 19. Bf2 Qg5
$11 {1/2 Cuno,T (2494)-Goncalves,J (2556)/ICCF 2001/ICCF Telechess CBM 107 (27)
}) 13. g3 Qg4 14. Be2 (14. f3 Qd7 15. Be3 Bxf4 16. Bxf4 Qd8 17. Kg2 Be6 18. Rc1
Rc8 {1/2 Ojeda,J (1926)-Kurpnieks,V (1752)/IECG 2003/Telechess CBM 119}) 14...
Qf5 15. Be3 Bxf4 16. Bxf4 {The bishop pair is usually insufficient for an
advantage in positions with the fixed centre.} Be6 17. Bd3 Qg4 18. f3 (18. Qa4
Rfe8 $11 {[%cal Ye6f5]}) 18... Qh5 19. Be3 Rac8 20. Rc1 Rfe8 21. Rc3 Bd7 22. h4
Re7 23. Kg2 f6 24. Bf2 Rxe1 25. Qxe1 Qf7 26. Qb1 g6 27. b4 Ne7 28. Qc1 Rxc3 29.
Qxc3 a6 30. Qc5 Nc8 (30... Qe6 $11) 31. g4 h5 32. gxh5 gxh5 33. Bg3 Ne7 34. Qc7
(34. Qb6 Bf5 $1 35. Bf1 Qe6 $1 36. Qxb7 Bh3+ 37. Kf2 Bxf1 38. Kxf1 Qe3 39. Kg2
Qe2+ 40. Bf2 Kf7 41. a4 Kg6 $132 {[%cal Ye7f5]}) 34... Nc6 35. Qb6 Qe7 36. a3
Be8 37. Kf2 Kg7 38. Bc7 f5 $6 (38... Bg6 39. Bxa6 (39. Bf1 Nxd4 40. Bd6 Qe6 41.
Qxb7+ Bf7 42. Qxa6 Nc2 43. Bc5 Qe1+ 44. Kg2 d4 $132) (39. Bxg6 Kxg6 40. Qxb7 $6
Nxd4) 39... bxa6 40. Qxc6 Bd3 {with a dead draw due to opposite-coloured
bishops.}) 39. Bg3 $6 (39. Qxb7 Kf8 40. Qb6 $1 (40. Kg2 $143 Qg7+) 40... Qxh4+
41. Bg3 Qxd4+ 42. Qxd4 Nxd4 43. Bxa6 {with fair winning chances due to the
bishop pair and queenside passed pawns.}) 39... f4 $1 40. Bxf4 Qxh4+ 41. Bg3
Qe7 42. b5 axb5 43. Bxb5 Kg8 44. Bxc6 Bxc6 45. Qb1 Qg5 1/2-1/2

[Event "ARM-ch 72nd"]
[Site "Yerevan"]
[Date "2012.01.18"]
[Round "7"]
[White "Grigoryan, Karen H"]
[Black "Ter Sahakyan, Samvel"]
[Result "1/2-1/2"]
[WhiteElo "2482"]
[BlackElo "2569"]
[Annotator "Let's Check"]
[PlyCount "132"]
[EventDate "2012.01.11"]
[EventType "tourn"]
[EventRounds "11"]
[EventCountry "ARM"]
[EventCategory "13"]
[SourceTitle "CBM 147"]
[Source "ChessBase"]
[SourceDate "2012.03.16"]
[SourceVersion "1"]
[SourceVersionDate "2012.03.16"]
[SourceQuality "1"]

1. d4 d5 2. c4 e6 3. Nc3 Bb4 4. e3 Nf6 5. Bd3 c5 6. Nge2 cxd4 7. exd4 dxc4 8.
Bxc4 O-O 9. O-O Nc6 10. Be3 Bd6 11. h3 b6 12. a3 Bb7 13. Bg5 h6 14. Bh4 Be7 15.
Qd3 Nh5 16. Bg3 Nxg3 17. fxg3 Qd6 18. Rad1 Rad8 19. Kh1 Qc7 20. Ba2 Ne5 21. Qb5
Qc6 22. d5 exd5 23. Qxc6 Nxc6 24. Bxd5 Bf6 25. b4 Rd7 26. Ne4 Bb2 27. b5 Na5
28. Bxb7 Rxb7 29. Nf4 Re7 30. Nd6 Bxa3 31. Nf5 Re5 32. Nh5 Rxb5 33. Nhxg7 Nc4
34. Rd7 Bb2 35. Nh5 Kh7 36. Rxa7 Nd2 37. Rf2 Bc3 38. Kh2 Rb1 39. h4 b5 $6 (
39... Ne4 40. Rf4 Rb5 $14) 40. Rc7 $6 (40. Ra6 f6 41. Ra7+ $18) 40... b4 41.
Rc6 Rd8 $2 (41... f6 42. Rc7+ $16) 42. Nxh6 $2 (42. Rxh6+ Kg8 43. Nf6+ $18)
42... Rf1 $16 43. Rxf7+ Rxf7 44. Nxf7 Rb8 45. Nf4 $2 (45. Rc7 Rf8 46. Ne5+ $18)
45... b3 $11 46. Nd3 b2 47. Nxb2 Bxb2 48. Ng5+ Kh8 49. Nf3 Ne4 50. g4 Ba3 51.
Rc2 Rb1 52. g5 Rf1 53. Ng1 Bd6+ 54. g3 Nxg3 55. Kg2 Rf8 56. Nf3 Kg7 57. Rc6 Ne4
58. h5 Rf4 59. Ra6 Rg4+ 60. Kf1 Ng3+ 61. Kg2 Nf5+ 62. Kf1 Rg3 63. Ke2 Rg2+ 64.
Kd3 Rf2 65. Nd4 Nxd4 66. Rxd6 Nf5 1/2-1/2

[Event "Moscow-B"]
[Site "Moscow"]
[Date "1986.03.23"]
[Round "10"]
[White "Chekhov, Valery A"]
[Black "Makarichev, Sergey"]
[Result "1-0"]
[WhiteElo "2495"]
[BlackElo "2495"]
[Annotator "Makarichev,S"]
[PlyCount "55"]
[EventDate "1986.03.??"]
[EventType "tourn"]
[EventRounds "11"]
[EventCountry "URS"]
[EventCategory "7"]
[SourceTitle "EXT 2002"]
[Source "ChessBase"]
[SourceDate "2001.11.25"]
[SourceVersion "1"]
[SourceVersionDate "2001.11.25"]
[SourceQuality "1"]

{Inf.41/646} 1. d4 Nf6 2. c4 e6 3. Nc3 Bb4 4. e3 O-O 5. Bd3 d5 6. Nge2 c5 7.
O-O dxc4 8. Bxc4 Nc6 9. a3 cxd4 10. exd4 Bxc3 11. bxc3 e5 12. Bg5 Qd6 13. Ba2
$1 (13. d5 {- Inf.37/(628)}) 13... Re8 (13... Be6 $2 14. d5 $1 {/\ c4}) (13...
Bg4 14. f3 Bh5 15. Ng3 Bg6 16. f4 $1 $16) (13... Bf5 14. Ng3 $16) (13... b6 14.
Re1 $5 Bb7 15. Ng3 exd4 16. Nf5 Qc5 17. Nh6+ $1 $16) (13... Rd8 $5) 14. d5 $5
Na5 (14... Ne7 15. Bxf6 gxf6 (15... Qxf6 16. d6 $18) 16. Ng3 {/\ f4+/-}) (14...
Nb8 15. Ng3 $16 {Chekhov}) 15. Bxf6 (15. Qa4 $6 b6 16. Bxf6 Bd7 $1 17. Bxe5
Rxe5 18. Qc2 Bb5 19. Rfe1 (19. c4 Bxc4 20. Bxc4 Rc8 $11) 19... Rae8 20. c4 Bxc4
$11) 15... Qxf6 16. Qa4 Qd8 $8 17. Ng3 $5 (17. Rad1 $6 b6 {(Ba6)} 18. Ng3 (18.
d6 Qd7 $5 {/\ Ba6, Rac8}) 18... Qd7 $36 {<->c}) 17... Bd7 $2 (17... b6 18. f4
Qd7 (18... Ba6 $5 19. Rf2 e4 $1 20. Nxe4 $140 $2 Bc4 $1 $17 {->[+]}) 19. Qxd7
Bxd7 $13) 18. Qb4 $16 (18. Qe4 $2 b6 {/\ Nb7-c5<=>}) 18... b6 $8 {[><a5]} 19.
f4 Nb7 {[/\ a5, Nd6]} 20. fxe5 $1 Rxe5 21. d6 $1 Be6 22. Bxe6 Rxe6 (22... fxe6
23. Rad1 {/\ Qf4 Chekhov}) 23. Nf5 {[/\ 24.Qd4 Qg5 25.Qd5]} Kh8 $6 (23... Nc5
$5 24. Qd4 Qf8 $8 25. Rae1 Rd8 26. Qh4 $1 Kh8 $16) 24. Qd4 Qf8 $8 (24... Qf6
25. Qd5) (24... Rf6 25. d7) (24... f6 25. d7) 25. Rae1 Nxd6 $6 (25... Nc5 26.
Rxe6 Nxe6 27. Qd5 Re8 (27... Rd8 28. Nh6 $1 Rd7 29. Qxe6) 28. Ne7 {(/\ 29.Qxe6
fxe6 30.Rxf8 Rxf8 31.Nc6 Rf7 32.Ne5)} Nc5 29. Rf3 $18 {/\ Rh3-h7}) 26. Rxe6 Nb5
27. Qe5 $1 fxe6 28. Nd4 1-0

[Event "Hoogeveen Essent Crown"]
[Site "Hoogeveen"]
[Date "2002.10.19"]
[Round "6"]
[White "Van Wely, Loek"]
[Black "Acs, Peter"]
[Result "0-1"]
[WhiteElo "2681"]
[BlackElo "2591"]
[Annotator "McShane,L"]
[PlyCount "36"]
[EventDate "2002.10.13"]
[EventType "tourn"]
[EventRounds "6"]
[EventCountry "NED"]
[EventCategory "17"]
[SourceTitle "CBM 092"]
[Source "ChessBase"]
[SourceDate "2003.02.06"]
[SourceVersion "1"]
[SourceVersionDate "2003.02.06"]
[SourceQuality "1"]

{[%mdl 3]} 1. d4 {Stohl} Nf6 2. c4 e6 3. Nc3 Bb4 4. e3 O-O 5. Bd3 d5 6. cxd5
exd5 7. Nge2 Re8 8. O-O Bd6 9. a3 Ng4 $1 {In a calm looking position, Acs
decides on a quick attack against the white king.} 10. h3 $2 {This gets White
into some trouble, but there were better alternatives.  Stohl: 'Van Wely plays
for a win by inviting a dangerous attack - not the right thing to do against
Acs!'} (10. g3 {is safe but weakens the kingside in the long term, whereas}) (
10. Nf4 g5 $5 {looks very unclear.} (10... c6 {Stohl} 11. h3 Bxf4 12. exf4 Nf6
13. Be3 Nbd7 14. Qf3 Nb6 15. b3 Qe7 16. Rfe1 Ne4 17. Nxe4 dxe4 18. Bxe4 Be6 19.
Bc2 f5 20. Bd2 Qf7 21. Re5 Nd7 22. Re3 Nf6 23. Rae1 Bd5 $14 {Obukhov,
A-Ikonnikov,V/Cheliabinsk/1989/})) 10... Nh2 $1 {[%mdl 128] Stohl: 'This
sortie in connection with the following sacrifice guarantees Black at least a
draw.'} 11. Re1 Nf3+ (11... Bxh3 {Stohl} 12. gxh3 Nf3+ 13. Kg2 $14 {doesn't
give Black anything tangible.}) 12. gxf3 Qg5+ 13. Kh1 (13. Ng3 Bxg3 14. fxg3
Qxg3+ 15. Kh1 (15. Kf1 Bxh3+ 16. Ke2 Qg2#) 15... Qxh3+ 16. Kg1 Qg3+ 17. Kh1 Re6
$1 18. e4 Rg6 {and White must resign.}) 13... Qh4 $1 14. Nf4 {Now White loses,
but it seems his position was already beyond repair.} (14. f4 Qxh3+ 15. Kg1 Bg4
$1 16. Qa4 Bf3 $3 17. Qxe8+ Bf8 {and mate on g2 or h1 can't be stopped.}) (14.
Kg1 Bxh3 (14... Qxh3 $2 {Stohl} 15. Nf4 Qh4 16. Nb5 Qg5+ 17. Ng2 Bh3 18. Bf1
$16) (14... Qg5+ {Stohl} 15. Kh1 Qh4 $11) 15. f4 Bg4 16. Qa4 (16. Qb3 {Stohl}
Bf3 17. Ng3 Bxf4 $1 18. Nce2 Bd6 19. Qxb7 Nd7 20. Bf5 Nf6 $19) (16. Qd2 $6 {
Stohl} Re6 $19 {->}) 16... Re6 $1 ({With the queen on h4 rather than h3, White
survives after} 16... Bf3 17. Qxe8+ Bf8 18. Ng3 Qh3 19. Bf1) 17. Ng3 Rh6 18.
Qe8+ Bf8 {Now White must try to prevent Bg4-f3 and Qh4-h1! sacrificing a queen
for mate.} 19. Nxd5 (19. Be4 Re6 $1 20. Qb5 dxe4 {and White will lose very
soon on the light squares.}) 19... Nc6 $3 (19... Bf3 20. Ne7+ $1 {forces the
queens off}) 20. Qe4 ({Now that the c6 knight covers e7, White loses after} 20.
Qxa8 Bf3) 20... Qh2+ $1 21. Kf1 Re8 $3 {Once again attempting to sacrifice the
rook, and finally after} 22. Qxe8 (22. Qg2 Bh3 {wins the queen, and}) (22. Qh1
Qxh1+ 23. Nxh1 Rxh1+ 24. Kg2 Rxe1 {leaves Black a rook up.}) 22... Bf3 {
mate is inevitable.}) 14... Bxh3 15. Ncxd5 {What else? After} (15. Nxh3 {
comes the standard mating pattern} Qxh3+ 16. Kg1 Bh2+ 17. Kh1 Bg3+ 18. Kg1 Qh2+
19. Kf1 Qxf2#) (15. Ng2 Qxf2 16. Bf1 (16. Rg1 Re6 $19) 16... Nc6 $19) 15... Re6
$1 {[%mdl 64] The rook enters the attack with decisive effect.} 16. Nxe6 {
Stohl: 'There was no effective defence against the threat Rh6.'} Bf5+ $1 17.
Kg1 Qh2+ 18. Kf1 Bg3 {There is no way to stave off mate.} (18... Bg3 19. fxg3 (
19. Qd2 Bxd3+ 20. Re2 Qh1#) (19. Ne7+ {Stohl} Kh8 20. Qd2 Bxd3+ 21. Re2 Qh1#)
19... Bh3#) 0-1

[Event "Biel MTO op"]
[Site "Biel"]
[Date "1998.07.27"]
[Round "7"]
[White "Milov, Vadim"]
[Black "Kunte, Abhijit"]
[Result "1-0"]
[WhiteElo "2635"]
[BlackElo "2460"]
[Annotator "Milov,V"]
[PlyCount "53"]
[EventDate "1998.07.21"]
[EventType "swiss"]
[EventRounds "11"]
[EventCountry "SUI"]
[SourceTitle "CBM 066"]
[Source "ChessBase"]
[SourceDate "1998.09.30"]
[SourceVersion "1"]
[SourceVersionDate "1998.09.30"]
[SourceQuality "1"]

1. d4 {Gelfand} Nf6 2. c4 e6 3. Nc3 Bb4 4. e3 O-O (4... c5 {Gelfand} 5. Bd3 Nc6
6. Nge2 cxd4 7. exd4 d5 8. cxd5 Nxd5 9. a3 Bd6 10. Ne4 Be7 11. Bc2 O-O 12. Qd3
Qc7 13. O-O Rd8 14. Ng5 g6 15. Bb3 Bf8 $5 $146 (15... Nf6 16. Rd1 Bf8 (16...
Kg7 {Karpov} 17. Qh3 $1 e5 18. Qh6+ $3 Kxh6 19. Ne6+ g5 20. Nxc7) 17. Bf4 Qe7
18. Qe3 $6 Nd5 {Kamsky,G-Karpov,An (14)/Fide-Wch (Elista),1996}) 16. Qh3 (16.
Rd1 Bg7 17. Nf3 b6 18. Bg5 f6 19. Bh4 Nce7 20. Bg3 Qd7 21. Re1 Bb7 22. Nc3 Nf5
{0-1 Milov,V-Gelfand,B/Credit Suisse 1997 (50)}) 16... Nf6 17. Nf3 Qb6 18. Ba2
Bg7 19. Qh4 Nd5 20. Nc3 Nce7 21. Nxd5 Nxd5 22. Bh6 f6 23. Bxg7 Kxg7 {1/2-1/2
Milov,V-Karpov,A/Credit Suisse 1997 (79)}) 5. Bd3 c5 6. Nge2 cxd4 7. exd4 d5 8.
cxd5 Nxd5 9. a3 Be7 10. O-O Nc6 11. Bc2 Re8 (11... b6 12. Qd3 g6 13. Bh6 Re8
14. Rad1 Bf6 15. Ne4 Bh8 16. Bg5 Qd7 17. Ba4 Bb7 18. N2c3 f5 19. Nd2 a6 20. Nf3
$14 {1/2-1/2 Gofshtein,L-Filippov,V/Bourbon Lancy op 1997 (49)}) 12. Qd3 g6 13.
Rd1 (13. Bh6 $5) 13... Bf8 14. Bb3 (14. Ne4 $5 Bg7 15. h4 Nce7 16. h5 b6 17.
hxg6 hxg6 18. Bg5 $36 {1-0 Knaak,R-Vilela,J/Camaguey-A 1987 (34)}) 14... Bg7
15. Ne4 Nce7 16. h4 h5 17. Bg5 (17. Qf3 Nf5 18. Bg5 Qb6) (17. N2g3 $5) 17...
Qb6 18. N2g3 $2 (18. Nc5 $5 Nf5 19. Rac1 $14) 18... Bd7 19. Nc5 Bc6 20. Nge4 (
20. Bc2 Nf5 21. Nxf5 exf5 $15) 20... f6 $2 (20... Nf5 21. Bxd5 $140 exd5 22.
Nf6+ Bxf6 23. Bxf6 Bb5) 21. Bxd5 (21. Nxf6+ Nxf6 22. Nxe6 Bd5) 21... Nxd5 22.
Nxf6+ Nxf6 23. Qxg6 (23. Bxf6 Bxf6 24. Qxg6+ Bg7 25. Nxe6 Re7 $13) 23... Qd8
24. Rd3 Kf8 (24... Qd5 25. Rg3 Ng4 26. Bf6 $18) (24... b6 25. Bh6 $18) 25. Rg3
Bd5 (25... b6 26. Bh6 Bxh6 27. Qxh6+ Ke7 28. Rg7+ Kd6 29. Qf4+ $18) 26. Bxf6
Bxf6 27. Qh7 1-0